Flowering Trees in Subtropical Gardens /

Bibliographic Details
Main Author: Kunkel, Günther
Corporate Author: SpringerLink (Online service)
Format: eBook
Language:English
Published: Dordrecht : Springer Netherlands, 1978.
Subjects:
Online Access:Connect to the full text of this electronic book

MARC

Tag First Indicator Second Indicator Subfields
LEADER 00000cam a2200000Ma 4500
001 in00003552608
006 m o d
007 cr nn|||||||||
008 121227s1978 ne o 000 0 eng d
005 20260420201713.8
020 |a 9789400999893 (electronic bk.) 
020 |a 9400999895 (electronic bk.) 
035 |a (OCoLC)840307286 
040 |a I9W  |b eng  |e pn  |c I9W  |d OCLCQ  |d UV0  |d OCLCO  |d GW5XE  |d OCLCF  |d UtOrBLW 
049 |a TXAM 
050 4 |a QK95 
082 0 4 |a 578.012  |2 23 
100 1 |a Kunkel, Günther. 
245 1 0 |a Flowering Trees in Subtropical Gardens /  |c by Günther Kunkel. 
264 1 |a Dordrecht :  |b Springer Netherlands,  |c 1978. 
300 |a 1 online resource (346 pages) 
336 |a text  |b txt  |2 rdacontent 
337 |a computer  |b c  |2 rdamedia 
338 |a online resource  |b cr  |2 rdacarrier 
500 |a Electronic resource. 
650 0 |a Life sciences. 
650 7 |a Life sciences.  |2 fast  |0 (OCoLC)fst00998323 
655 7 |a Electronic books.  |2 local 
710 2 |a SpringerLink (Online service) 
856 4 0 |u http://proxy.library.tamu.edu/login?url=https://link.springer.com/10.1007/978-94-009-9989-3  |z Connect to the full text of this electronic book  |t 0 
994 |a 92  |b TXA 
999 |a MARS 
999 f f |s 16e3d527-51e8-34e9-952b-5c6d2141e50a  |i 1ca9d41e-176f-3d78-83e4-1fe044cbe7f5  |t 0 
952 f f |a Texas A&M University  |b College Station  |c Electronic Resources  |s www_evans  |d Available Online  |t 0  |e QK95  |h Library of Congress classification 
998 f f |a QK95  |t 0  |l Available Online